[Event "41st Nezhmetdinov Rapid 2019"]
[Site "Kazan"]
[Date "2019.05.30"]
[Round "11.3"]
[White "Gareyev, Timur"]
[Black "Kokarev, Dmitry"]
[Result "1/2-1/2"]
[WhiteElo "2570"]
[BlackElo "2605"]
[Annotator "TA"]
[PlyCount "61"]
[EventDate "2019.05.29"]
[EventType "swiss"]
[EventCountry "RUS"]
[SourceTitle "playchess.com"]
[Source "ChessBase"]
[SourceQuality "1"]

{[%evp 14,61,-1,-6,-6,0,0,-5,-13,-11,4,0,8,-9,-8,-7,-5,-7,-7,-17,0,-4,-8,-30,-7,-20,0,0,0,0,0,0,0,0,0,0,0,0,0,0,0,0,0,0,0,0,37,37,37,10]} 1. Nf3 c5 2. b3 ({Predecessor:} 2. c4 Nc6 3. b3 e5 4. Nc3 g6 5. Bb2 Bg7 6. d3 Nge7 7. g3 O-O 8. Bg2 {½-½ (30) Xu,Y (2532)-Li,Y (2432) China 2019}) 2... d6 3. c4 e5 4. Nc3 Nc6 5. Bb2 g6 6. g3 Bg7 7. d3 Nge7 8. Bg2 O-O $146 {A36: Symmetrical English vs ...g6: 4 Bg2 Bg7} (8... h6 9. O-O O-O 10. Ne1 Be6 11. Nd5 Rb8 12. Nc2 b5 13. e3 bxc4 14. dxc4 f5 {½-½ (14) Maghsoodloo,P (2666)-Alekseev,E (2639) Bandar e Anzali 2019}) 9. O-O Rb8 10. Ne1 Be6 {The position is equal.} 11. Nd5 Qd7 12. Qd2 Bh3 13. f4 Bxg2 14. Nxg2 f5 15. Rae1 Rbe8 16. e4 Nxd5 17. cxd5 Nd4 18. Kh1 Re7 (18... Qe7 {feels hotter.} 19. Bxd4 cxd4 20. exf5 Rxf5 21. Nh4 Rff8) 19. fxe5 Bxe5 20. Bxd4 Bxd4 21. Nf4 fxe4 22. dxe4 Ref7 {[#] White must now prevent ...g5.} 23. Qe2 $1 Qe7 24. Ne6 Rxf1+ 25. Rxf1 Rxf1+ 26. Qxf1 Qf6 {[%cal Rf6f1] [#]} 27. Kg2 a6 28. Nxd4 Qxd4 29. Qf4 Qe5 30. Qxe5 dxe5 31. a4 {Accuracy: White = 59%, Black = 67%.} 1/2-1/2

[Event "41st Nezhmetdinov Rapid 2019"]
[Site "Kazan"]
[Date "2019.05.30"]
[Round "11.6"]
[White "Rozum, Ivan"]
[Black "Makhmutov, Rail"]
[Result "1/2-1/2"]
[WhiteElo "2568"]
[BlackElo "2390"]
[Annotator "TA"]
[PlyCount "71"]
[EventDate "2019.05.29"]
[EventType "swiss"]
[EventCountry "RUS"]
[SourceTitle "playchess.com"]
[Source "ChessBase"]
[SourceQuality "1"]

{[%evp 15,71,0,0,-12,0,0,70,54,44,42,50,54,64,52,60,55,63,61,64,60,61,67,102,103,70,60,78,91,79,74,94,92,79,85,88,100,116,47,108,42,68,64,70,0,10,0,0,0,0,0,0,0,0,0,0,0,0,0]} 1. Nf3 d5 2. g3 Bg4 3. Bg2 Nd7 4. c4 e6 5. cxd5 exd5 6. O-O Ngf6 7. Nc3 c6 8. d4 Bd6 9. Nh4 {A07: Réti Opening: New York and Capablanca Systems} Nb6 10. f3 Bh5 ({Black should try} 10... Bc8 $11) (10... Be6 11. e4 Be7 12. e5 Nfd7 13. f4 Bxh4 14. f5 Bxf5 15. Rxf5 Be7 16. Qg4 g6 {1-0 (30) Grischuk,A (2771)-Postny,E (2615) St Petersburg 2018}) 11. Nf5 $146 {White is slightly better.} ({Predecessor:} 11. Qe1 O-O 12. e4 dxe4 13. fxe4 Bb4 14. Nf5 Bg6 15. Qd1 Ne8 16. e5 Nc7 {1-0 (34) Soysal,S (2405)-Kelires,A (2529) Skopje 2019}) 11... O-O 12. g4 Bg6 13. e4 Bxf5 14. gxf5 Nfd7 15. e5 Nxe5 $1 16. dxe5 Bxe5 17. f4 Bf6 18. Qd3 Nc4 {[#]} 19. b3 $1 {[%cal Rb3c4]} Nd6 20. Bd2 Qd7 {[#]} 21. Bh3 $1 Rfe8 22. Rae1 h6 23. Rxe8+ Rxe8 24. Re1 Rxe1+ 25. Bxe1 Qc7 26. Bf2 (26. Ne2 $16) 26... Qe7 (26... Qa5 $14 27. Bd4 Bxd4+ 28. Qxd4 Qa3) 27. Kf1 (27. Bg4 $16) 27... Bxc3 $1 $14 28. Qxc3 {Threatens to win with Qe5.} Ne4 29. Qe5 (29. Qd3 $14) 29... Qa3 $11 {The position is equal.} 30. Be1 {Black should prevent Qe8+.} Qa6+ 31. Kg1 {And now Qe8+ would win.} Qe2 32. Bg3 Qe3+ 33. Kg2 Qe2+ 34. Kg1 Qe3+ 35. Kg2 Qe2+ 36. Kg1 {Accuracy: White = 58%, Black = 57%.} 1/2-1/2

[Event "41st Nezhmetdinov Rapid 2019"]
[Site "Kazan"]
[Date "2019.05.30"]
[Round "11.7"]
[White "Maiorov, Nikita"]
[Black "Sarana, Alexey"]
[Result "1/2-1/2"]
[WhiteElo "2514"]
[BlackElo "2636"]
[Annotator "TA"]
[PlyCount "108"]
[EventDate "2019.05.29"]
[EventType "swiss"]
[EventCountry "RUS"]
[SourceTitle "playchess.com"]
[Source "ChessBase"]
[SourceQuality "1"]

{[%evp 14,108,12,14,24,22,14,22,38,28,37,25,87,89,98,94,118,72,83,74,97,48,51,43,28,33,43,11,20,0,156,153,152,155,163,131,157,142,152,159,154,147,138,147,153,156,146,134,139,89,89,89,82,81,109,93,129,129,195,116,106,135,195,127,116,89,96,110,174,159,131,60,70,78,153,150,149,154,159,45,55,40,36,0,47,0,31,0,61,0,32,0,89,0,32,0,62]} 1. d4 Nf6 2. c4 e6 3. Nc3 Bb4 4. Qc2 d5 5. cxd5 Qxd5 6. Nf3 Qf5 7. Qxf5 exf5 8. a3 Bd6 {E34: Nimzo-Indian: Classical: 4...d5} 9. Nb5 Be6 10. e3 (10. Nxd6+ cxd6 11. Bf4 Ke7 12. e3 Nbd7 13. Bd3 Rac8 14. Ke2 Bc4 15. Rhc1 Bxd3+ 16. Kxd3 {½-½ (39) Sakaev,K (2594)-Fedoseev,V (2731) Sochi 2017}) 10... Nbd7 11. Ng5 $146 ({Predecessor:} 11. Bd2 Ke7 12. Bd3 Ne4 13. Rc1 Nxd2 14. Nxd2 c6 15. Nxd6 Kxd6 16. Nc4+ Bxc4 17. Rxc4 {½-½ (75) Matveeva,S (2448)-Matnadze,A (2415) Antalya 2002}) 11... Bd5 12. f3 Ke7 (12... h6 $11 13. Nh3 Nb6) 13. Bd3 $16 h6 14. Nh3 g6 15. Bd2 (15. O-O {with more complications.} Kf8 16. Nf2 Bc6 17. Nc3 Nd5 18. Ne2) 15... a6 16. Nxd6 cxd6 17. Rc1 Rac8 18. Ke2 b5 19. Nf2 Bc4 20. Ba5 Nd5 21. Kd2 N7b6 $2 ({Black should play} 21... Nb8 $11) 22. Bc2 {Hoping for e4.} Bf1 23. Bxb6 $1 ({Stronger than} 23. Rhxf1 Nc4+ 24. Kd3 Nxa5 $11) 23... Bxg2 24. Rhg1 Nxb6 25. Rxg2 Nc4+ 26. Ke2 Nxb2 27. Rgg1 Rc3 28. Bd3 Rxa3 29. Ra1 Ra4 30. Rxa4 Nxa4 31. Bc2 Nb6 32. Ra1 Ra8 33. Bd3 d5 34. e4 $1 fxe4 35. fxe4 Na4 (35... Nc4 $16 36. exd5 Nb6) 36. exd5 (36. e5 $1 $18) 36... Kd6 37. Bc2 Nb6 {[#]} (37... Nc3+ $16 {was necessary.} 38. Kd2 Nxd5) 38. Bb3 (38. Ne4+ $1 $18 Kd7 39. Nc5+ Ke7 40. Kd2 (40. Nxa6 Na4 $16) (40. Rxa6 Rxa6 41. Nxa6 Nxd5 $16)) 38... f5 39. Nd3 Nxd5 40. Ne5 {Strongly threatening Nf7+.} Nf4+ (40... Nb4 $16) 41. Kf3 Ne6 42. Bxe6 (42. Nf7+ $16 Kd7 43. Ke3) 42... Kxe6 $14 43. Nxg6 $16 {[%mdl 4096] Endgame KRN-KR} Kd5 {[#]} (43... a5 $142) 44. Ke3 $1 a5 45. Kd3 a4 46. Nf4+ (46. Ne7+ $16 Ke6 47. Re1+ Kf6 48. Nd5+ Kf7 49. Nc7) 46... Kd6 $14 47. Kc3 Rc8+ 48. Kd3 Ra8 $1 49. Kc3 Rc8+ $1 50. Kd3 Ra8 $1 51. Kc3 Rc8+ $1 52. Kd3 ({Better is} 52. Kd2 $14) 52... Ra8 $1 $16 53. Kc3 (53. Ne2 $16) 53... Rc8+ $1 $14 54. Kd3 Ra8 $1 {Accuracy: White = 60%, Black = 70%.} 1/2-1/2

[Event "41st Nezhmetdinov Rapid 2019"]
[Site "Kazan"]
[Date "2019.05.30"]
[Round "11.8"]
[White "Khanin, Semen"]
[Black "Frolyanov, Dmitry"]
[Result "1-0"]
[WhiteElo "2524"]
[BlackElo "2538"]
[Annotator "TA"]
[PlyCount "87"]
[EventDate "2019.05.29"]
[EventType "swiss"]
[EventCountry "RUS"]
[SourceTitle "playchess.com"]
[Source "ChessBase"]
[SourceQuality "1"]

{[%evp 11,87,6,43,6,4,0,10,0,16,24,24,3,33,18,35,8,41,41,48,37,37,11,7,20,26,4,79,3,15,-20,-14,-69,-57,-128,-62,-64,-32,-27,-13,-7,-14,-8,18,22,6,0,0,0,0,0,0,0,0,0,0,-2,0,-2,0,0,0,0,0,0,0,0,0,0,23,19,19,25,902,879,632,597,542,500]} 1. e4 e5 2. Nf3 Nf6 3. d4 Nxe4 4. Bd3 Nc6 5. dxe5 d5 6. O-O Be7 7. Nbd2 {C43: Petroff Defence: 3 d4} Nc5 8. Be2 (8. Nb3 Nxd3 9. Qxd3 O-O 10. Be3 Bg4 11. Nbd4 Nb4 12. Qd2 c5 13. Nb3 d4 14. Bf4 Qd5 {½-½ (56) Mamedyarov,S (2719)-Ivanchuk,V (2739) Moscow 2009}) 8... O-O 9. Nb3 {The position is equal.} Nxb3 10. axb3 Bg4 $146 ({Predecessor:} 10... f6 11. Ra4 Bf5 12. c3 a6 13. Be3 Qd7 14. Nd4 Nxd4 15. Bxd4 {0-1 (46) Rabatin,J (2288)-Studnicka,T (2316) Czech Republic 2018}) 11. h3 Bh5 12. Re1 Qd7 13. Bf4 Rad8 14. c3 a6 15. b4 Bg6 16. Nd4 Nxd4 17. Qxd4 Rfe8 18. Bg3 Qc8 {[#]} (18... Bf5 $11) 19. Qf4 (19. Bg4 $1 $16 {[%cal Rg4c8]} Bf5 20. Bxf5 Qxf5 21. e6) 19... Qf5 20. Qd4 Qc2 21. f4 (21. h4 $11) 21... Qxb2 $15 22. Ra5 (22. Bf2 $15) 22... Be4 (22... b6 $17 23. Rxa6 c5) 23. Bf2 b6 24. Rxa6 c5 25. Qe3 cxb4 26. cxb4 Qxb4 27. Rxb6 Qa5 28. Qd4 Rc8 {Hoping for ...Bc5.} 29. Ra1 Qc3 30. Qxc3 Rxc3 31. Rb7 {aiming for Rxe7!} d4 32. Rd7 d3 33. Bf3 Bxf3 34. gxf3 d2 35. Rxd2 Rxf3 {[%mdl 64] Double Attack} 36. Rd7 {Rxe7! is the strong threat.} Bf8 37. Ra4 Rxh3 38. Raa7 f6 39. e6 Rxe6 {And now ...Re8 would win.} 40. Ra8 Ra3 41. Rc8 {Threatens to win with Bc5!} Re4 $2 {[%mdl 8192] [#]} (41... Re2 $11 42. Kf1 Rea2) 42. Bc5 $1 $18 {[%csl Gc5][%cal Rc8f8][%mdl 512] White is clearly winning.} Ra1+ 43. Kg2 {[%csl Gc5][%cal Rc8f8]} h5 44. Bxf8 {Accuracy: White = 44%, Black = 43%.} 1-0

[Event "41st Nezhmetdinov Rapid 2019"]
[Site "Kazan"]
[Date "2019.05.30"]
[Round "11.9"]
[White "Potapov, Pavel"]
[Black "Pershin, Denis"]
[Result "1-0"]
[WhiteElo "2492"]
[BlackElo "2409"]
[Annotator "ChessBase"]
[PlyCount "64"]
[EventDate "2019.05.29"]
[EventType "swiss"]
[EventCountry "RUS"]
[SourceTitle "playchess.com"]
[Source "ChessBase"]
[SourceQuality "1"]
[TimeControl "900+10"]

1. e4 {[%emt 0:00:00]} c6 {[%emt 0:00:00]} 2. d4 {[%emt 0:00:00]} d5 {[%emt 0:00:00]} 3. e5 {[%emt 0:00:00]} Bf5 {[%emt 0:00:00]} 4. h4 {[%emt 0:00:00]} h5 {[%emt 0:00:04]} 5. Bd3 {[%emt 0:00:00]} Bxd3 {[%emt 0:00:01]} 6. Qxd3 {[%emt 0:00:02]} e6 {[%emt 0:00:02]} 7. Bg5 {[%emt 0:00:13]} Qb6 {[%emt 0:00:01]} 8. Nd2 {[%emt 0:00:34]} c5 {[%emt 0:00:02]} 9. c4 {[%emt 0:00:20]} Qxb2 {[%emt 0:00:02]} 10. Rb1 {[%emt 0:00:23]} Qxd4 {[%emt 0:00:03]} 11. Qe2 {[%emt 0:00:34]} b6 {[%emt 0:01:51]} 12. Ngf3 {[%emt 0:01:58]} Qg4 {[%emt 0:00:02]} 13. O-O {[%emt 0:01:03]} Be7 {[%emt 0:01:18]} 14. cxd5 {[%emt 0:01:51]} exd5 {[%emt 0:00:02]} 15. e6 {[%emt 0:00:46]} Qxe6 {[%emt 0:07:10]} 16. Qd3 {[%emt 0:00:02]} Nc6 {[%emt 0:02:00]} 17. Rfe1 {[%emt 0:00:45]} Qd7 {[%emt 0:00:07]} 18. Ne5 {[%emt 0:01:21]} Nxe5 {[%emt 0:00:02]} 19. Rxe5 {[%emt 0:00:02]} O-O-O {[%emt 0:00:48]} 20. Qa6+ {[%emt 0:00:25]} Kb8 {[%emt 0:00:01]} 21. Rxb6+ {[%emt 0:00:22]} axb6 {[%emt 0:00:05]} 22. Rxe7 {[%emt 0:00:03]} Qxe7 {[%emt 0:01:23]} 23. Bxe7 {[%emt 0:02:32]} Nxe7 {[%emt 0:00:01]} 24. Qxb6+ {[%emt 0:00:02]} Kc8 {[%emt 0:00:01]} 25. Nb3 {[%emt 0:01:32]} Rh6 {[%emt 0:00:28]} 26. Qxc5+ {[%emt 0:00:25]} Nc6 {[%emt 0:00:02]} 27. Nd4 {[%emt 0:00:12]} Kb7 {[%emt 0:00:17]} 28. Qb5+ {[%emt 0:00:50]} Kc7 {[%emt 0:00:03]} 29. Qc5 {[%emt 0:00:07]} Rd7 {[%emt 0:03:13]} 30. a4 {[%emt 0:00:06]} Kb7 {[%emt 0:00:33]} 31. Nf5 {[%emt 0:00:47]} Re6 {[%emt 0:00:16]} 32. a5 {[%emt 0:00:16]} Re5 1-0

[Event "41st Nezhmetdinov Rapid 2019"]
[Site "Kazan"]
[Date "2019.05.30"]
[Round "11.10"]
[White "Iljiushenok, Ilia"]
[Black "Volkov, Sergey"]
[Result "0-1"]
[WhiteElo "2534"]
[BlackElo "2572"]
[Annotator "TA"]
[PlyCount "86"]
[EventDate "2019.05.29"]
[EventType "swiss"]
[EventCountry "RUS"]
[SourceTitle "playchess.com"]
[Source "ChessBase"]
[SourceQuality "1"]

{[%evp 9,86,21,22,19,24,20,35,3,12,-8,-8,-8,-2,-10,-7,-68,-30,-29,-39,-30,-8,-34,-53,-103,-109,-107,-98,-108,-68,-169,-127,-136,-116,-139,-77,-72,-64,-131,-110,-115,-127,-131,0,0,0,0,0,0,71,72,218,219,534,527,549,-197,-197,-197,-197,-217,-212,-210,-197,-471,-483,-428,-414,-1845,-1775,-5618,-1905,-5506,-5418,-2604,-2560,-2143,-2113,-1707,-1452]} 1. c4 e5 2. Nc3 Bb4 3. Nd5 Bc5 (3... a5 4. a3 Be7 5. d4 d6 6. e4 Nf6 7. Nxe7 Qxe7 8. f3 Nfd7 9. Ne2 O-O 10. d5 Nc5 11. Be3 f5 12. Nc3 fxe4 13. Bxc5 dxc5 14. Nxe4 {½-½ (35) Matlakov,M (2700)-Yu,Y (2764) Caleta 2019}) 4. b4 Be7 5. Bb2 d6 6. e3 {A21: English Opening: 1...e5 2 Nc3} Nf6 7. Nxe7 Qxe7 8. Nf3 {White is slightly better.} O-O 9. Be2 e4 10. Nd4 c5 11. Nc2 $146 ({Predecessor:} 11. bxc5 dxc5 {½-½ (52) Bernasek,J (2477)-Stocek,J (2567) Czech Republic 2019}) 11... Nc6 12. d4 ({White should play} 12. O-O $11) 12... exd3 13. Bxd3 cxb4 14. O-O Be6 15. Qd2 a5 {[%cal Ba7a5,Ba5a4][%mdl 32]} 16. a3 {[%cal Ra3b4]} b3 17. Nd4 a4 18. Nb5 Na5 19. Nxd6 (19. Rac1 $15) 19... Rfd8 20. c5 {[#]} b6 $1 {[%cal Rb6c5][%mdl 512]} 21. e4 (21. cxb6 Qxd6) 21... bxc5 (21... Nd7 $142 22. e5 (22. Qc3 $2 f6 $17) 22... Nxc5) 22. e5 $17 Ne8 23. Rad1 (23. Qc3 $1 $15) 23... Nxd6 24. exd6 Rxd6 {[#] And now ...Nc4 would win.} 25. Qc3 $1 {[%csl Gb2][%cal Rc3g7][%mdl 512] [#]} Rd4 {[#]} ({Black should try} 25... f6 $1 $17 {Strongly threatening ...Qc7.} 26. Qxc5 Rad8) 26. Be4 $1 $11 {[%mdl 512]} Ra7 ({Reject} 26... Rad8 $6 27. Rxd4 Rxd4 28. Qxa5 $16) (26... Rxe4 27. Qxg7#) 27. Rxd4 cxd4 28. Qxd4 {[%csl Gb2][%cal Rd4g7]} f6 {[#]} (28... f5 $1 $11 {remains equal.} 29. Bd5 Rd7) 29. Re1 $1 $16 {[%mdl 1024] Threatens to win with Bd5. White has strong compensation.} Qd7 (29... Rd7 $16 30. Qxa4 Nc4 31. Qxb3 Nxb2 32. Qxb2 Bf5 {[%mdl 64] Back Rank}) 30. Qb6 $18 {aiming for Qb8+.} Nc4 $2 (30... Kf7 {is a better chance.}) 31. Qb8+ Kf7 {White must now prevent ...Qc7.} 32. Bc6 $4 {[%mdl 8192]} (32. Bxh7 $18 Nxb2 33. Bg8+ Kg6 34. Bxe6) 32... Qxc6 $19 33. Qxa7+ Qd7 34. Qxd7+ Bxd7 {[%mdl 4096] Endgame KRB-KBN} 35. Re2 Bf5 {Hoping for ...Bd3.} 36. f3 $2 (36. Bc1) 36... Bd3 37. Rf2 Ke6 38. g4 (38. Bc1 $142 Kd5 39. f4) 38... Nxb2 {Black is clearly winning.} 39. Rxb2 Kd5 (39... Ke5 $142 40. h4 Kd4) 40. Kf2 Kd4 41. Rd2 Kc3 42. Ke3 Bc2 43. Rd7 b2 {Accuracy: White = 39%, Black = 55%.} 0-1